Online
Catalog
Normal view MARC view

Entry Nombre corporativo

Number of records used in: 4

001 - NÚMERO DE CONTROL

  • campo de control: 1237

003 - IDENTIFICADOR DEL NÚMERO DE CONTROL

  • campo de control: OSt

005 - FECHA Y HORA DE LA ÚLTIMA TRANSACCIÓN

  • campo de control: 20230731115816.0

008 - DATOS DE LONGITUD FIJA

  • campo de control de longitud fija: 200615|| aca||aabn | a|a d

010 ## - NÚMERO DE CONTROL DE LA BIBLIOTECA DEL CONGRESO

  • Número de control de LC: nb2005000292

040 ## - FUENTE DE LA CATALOGACIÓN

  • Centro catalogador/agencia de origen: DO-SdBNP
  • Lengua de catalogación: spa
  • Centro/agencia transcriptor: BNPHU

110 2# - ENCABEZAMIENTO-NOMBRE DE ENTIDAD CORPORATIVA

  • Nombre de entidad corporativa o nombre de jurisdicción como elemento de entrada: Comisión Permanente de la Feria del Libro (República Dominicana)

670 ## - FUENTE DE DATOS ENCONTRADOS

  • Cita de la fuente: Work cat.: (OSt)366: Manuel del Cabral y su obra :, 2001.

670 ## - FUENTE DE DATOS ENCONTRADOS

  • Cita de la fuente: Coloquios 2001, 2002:
  • Información encontrada: (Comisión Permanente de la Feria del Libro)

Powered by Koha